书目信息 |
| 题名: |
碘氧化铋光催化剂的制备及其应用
|
|
| 作者: | 朱刚强 著 | |
| 分册: | ||
| 出版信息: | 北京 中国石化出版社 2019.6 |
|
| 页数: | 124页 | |
| 开本: | 24cm | |
| 丛书名: | ||
| 单 册: | ||
| 中图分类: | TQ426.99 | |
| 科图分类: | ||
| 主题词: | 氧化碘--氧化铋--光催化剂--制备--研究 | |
| 电子资源: | ||
| ISBN: | 978-7-5114-5344-0 | |
| 000 | 01181nam0 2200229 450 | |
| 001 | 202019133739 | |
| 005 | 20190921113345.0 | |
| 010 | @a978-7-5114-5344-0@dCNY48.00 | |
| 100 | @a20190919d2019 em y0chiy0110 ea | |
| 101 | 0 | @achi |
| 102 | @aCN@b110000 | |
| 105 | @ay z 000yy | |
| 106 | @ar | |
| 200 | 1 | @a碘氧化铋光催化剂的制备及其应用@ADian Yang Hua Bi Guang Cui Hua Ji De Zhi Bei Ji Qi Ying Yong@f朱刚强著 |
| 210 | @a北京@c中国石化出版社@d2019.6 | |
| 215 | @a124页@d24cm | |
| 330 | @a光催化技术是一种可以直接利用太阳能来处理水体中各种不容易降解的有机污染物、光解水产氢、氧化去除空气中的NOx等有害气体,并且具有很好的杀菌及抑制病毒活性的作用等。本书主要通过化学法制备了具有高效可见光响应、类石墨烯铋层结构的碘氧化铋(包括BiOI、α-Bi5O7I和β-Bi5O7I)纳米光催化剂,采用金属离子掺杂、金属纳米颗粒等离子增强效应、构建异质结等手段提高光催化剂的光催化活性,研究了光催化剂在可见光照射下对水体中有机污染物以及空气中NOx气体的光催化活性,最后探索了光催化剂对污染物光催化去除的光催化增强机制。 | |
| 606 | 0 | @a氧化碘@x氧化铋@x光催化剂@x制备@x研究 |
| 690 | @aTQ426.99@v5 | |
| 701 | 0 | @a朱刚强@AZhu Gang Qiang@4著 |
| 801 | 0 | @aCN@c20190905 |
| 905 | @a河南城建学院图书馆@dTQ426.99@eZ845 | |
| 碘氧化铋光催化剂的制备及其应用/朱刚强著.-北京:中国石化出版社,2019.6 |
| 124页;24cm |
| ISBN 978-7-5114-5344-0:CNY48.00 |
| 光催化技术是一种可以直接利用太阳能来处理水体中各种不容易降解的有机污染物、光解水产氢、氧化去除空气中的NOx等有害气体,并且具有很好的杀菌及抑制病毒活性的作用等。本书主要通过化学法制备了具有高效可见光响应、类石墨烯铋层结构的碘氧化铋(包括BiOI、α-Bi5O7I和β-Bi5O7I)纳米光催化剂,采用金属离子掺杂、金属纳米颗粒等离子增强效应、构建异质结等手段提高光催化剂的光催化活性,研究了光催化剂在可见光照射下对水体中有机污染物以及空气中NOx气体的光催化活性,最后探索了光催化剂对污染物光催化去除的光催化增强机制。 |
| ● |
| 相关链接 |
|
|
|
正题名:碘氧化铋光催化剂的制备及其应用
索取号:TQ426.99/Z845
 
预约/预借
| 序号 | 登录号 | 条形码 | 馆藏地/架位号 | 状态 | 备注 |
| 1 | 1441250 | 214412508 | 自科库501/501自科库 39排4列5层/ [索取号:TQ426.99/Z845] | 在馆 | |
| 2 | 1441251 | 214412517 | 自科库501/501自科库 39排4列5层/ [索取号:TQ426.99/Z845] | 在馆 |